Akta Perwakilan Kuasa 1956 (Akta 358) & Delegation of Powers Act 1956 (Act 358) : (Hingga 10hb Jun 2006)

Bibliographic Details
Corporate Authors: Malaysia, International Law Book Services. Lembaga Penyelidikan Undang-Undang
Format: Book
Published: Petaling Jaya : International Law Book Services , 2006
Subjects:

MARC

LEADER 00000cam a2200000 7i4500
001 0000018523
005 20201008.0
020 |a 9678904934 
040 |a INS 
090 0 0 |a KPG1940.A311956   |b M34 2006 
110 1 |a Malaysia 
240 0 0 |a [Akta Perwakilan Kuasa 1956 (Akta 358)] 
245 1 0 |a Akta Perwakilan Kuasa 1956 (Akta 358) & Delegation of Powers Act 1956 (Act 358) :   |b (Hingga 10hb Jun 2006)   |c Disusun oleh Lembaga Penyelidikan Undang-Undang 
260 |a Petaling Jaya :   |b International Law Book Services ,   |c 2006 
300 |a 26 p. ;   |c 24 cm. 
650 0 0 |a Delegation power   |z Malaysia 
710 1 |a International Law Book Services. Lembaga Penyelidikan Undang-Undang 
740 0 |a Undang-Undang Malaysia 
999 |a 0000017760   |b BOOK   |c Acts   |e Default branch